Statistiques concernant Killer sudoku

Cliquez ici pour prendre le quiz!

Statistiques générales

  • Ce quiz a été pris 38 fois
  • Le résultat moyen est 46 sur 50

Statistiques - réponses

HintRéponse% Correct
19
97%
429
97%
209
97%
61
94%
501
94%
252
94%
462
94%
263
94%
313
94%
414
94%
214
94%
245
94%
445
94%
406
94%
236
94%
307
94%
477
94%
398
94%
438
94%
458
94%
229
94%
359
94%
341
92%
141
92%
382
92%
192
92%
32
92%
73
92%
44
92%
494
92%
324
92%
485
92%
55
92%
295
92%
125
92%
366
92%
376
92%
26
92%
136
92%
287
92%
167
92%
338
92%
88
92%
279
92%
173
89%
104
89%
186
89%
97
89%
158
89%
118
89%

Distribution des résultats

Percentile par nombre de réponses

% des personnes avec chaque résultat

Votre développement - résultats

Vous n’avez pas pris ce quiz